000 004980000a22001690004500
003 MACL
005 20160319133638.0
008 160319b xxu||||| |||| 00| 0 eng d
040 _aMACL
_cMACL
041 _aHindi
082 _a891.431
100 _aपंत श्री सुमित्रानंदन
_942279
245 _aयुग वाणी
260 _bभारती भण्‍डार
_aइलाहाबाद
650 _aPoetry
_947388
942 _cHIN
_k891.431
_2ddc
999 _c23998
_d23998